<?xml version="1.0" encoding="UTF-8"?>
<collection xmlns="http://www.loc.gov/MARC21/slim">
<record>
  <controlfield tag="001">3959</controlfield>
  <controlfield tag="005">20200102101741.0</controlfield>
  <datafield tag="037" ind1=" " ind2=" ">
    <subfield code="a">SCART-2019-0090</subfield>
  </datafield>
  <datafield tag="100" ind1=" " ind2=" ">
    <subfield code="a">Van Noten, Koen</subfield>
  </datafield>
  <datafield tag="245" ind1=" " ind2=" ">
    <subfield code="a">Investigations géophysiques du plancher calcite et du remplissage sédimentaire de la Salle de la structure de Bruniquel</subfield>
  </datafield>
  <datafield tag="260" ind1=" " ind2=" ">
    <subfield code="c">2018</subfield>
  </datafield>
  <datafield tag="594" ind1=" " ind2=" ">
    <subfield code="a">NO NO</subfield>
  </datafield>
  <datafield tag="653" ind1="1" ind2=" ">
    <subfield code="a">Cave Geophysics</subfield>
  </datafield>
  <datafield tag="653" ind1="1" ind2=" ">
    <subfield code="a">ERT</subfield>
  </datafield>
  <datafield tag="653" ind1="1" ind2=" ">
    <subfield code="a">H/V Spectral Ratio</subfield>
  </datafield>
  <datafield tag="700" ind1=" " ind2=" ">
    <subfield code="a">Burlet, Christian</subfield>
  </datafield>
  <datafield tag="700" ind1=" " ind2=" ">
    <subfield code="a">Delaby, Serge</subfield>
  </datafield>
  <datafield tag="700" ind1=" " ind2=" ">
    <subfield code="a">Verheyden, Sophie</subfield>
  </datafield>
  <datafield tag="700" ind1=" " ind2=" ">
    <subfield code="a">Lecocq, Thomas</subfield>
  </datafield>
  <datafield tag="773" ind1=" " ind2=" ">
  </datafield>
  <datafield tag="856" ind1="0" ind2=" ">
    <subfield code="f">koen.vannoten@observatoire.be</subfield>
  </datafield>
  <datafield tag="856" ind1="4" ind2=" ">
    <subfield code="s">4270871</subfield>
    <subfield code="u">http://publi2-as.oma.be/record/3959/files/2018-VanNotenetal_Bruniquel geophysics.pdf</subfield>
  </datafield>
  <datafield tag="856" ind1="4" ind2=" ">
    <subfield code="s">3273</subfield>
    <subfield code="u">http://publi2-as.oma.be/record/3959/files/2018-VanNotenetal_Bruniquel geophysics.gif?subformat=icon</subfield>
    <subfield code="x">icon</subfield>
  </datafield>
  <datafield tag="856" ind1="4" ind2=" ">
    <subfield code="s">4739</subfield>
    <subfield code="u">http://publi2-as.oma.be/record/3959/files/2018-VanNotenetal_Bruniquel geophysics.jpg?subformat=icon-180</subfield>
    <subfield code="x">icon-180</subfield>
  </datafield>
  <datafield tag="905" ind1=" " ind2=" ">
    <subfield code="a">published in</subfield>
  </datafield>
  <datafield tag="980" ind1=" " ind2=" ">
    <subfield code="a">NONREF</subfield>
  </datafield>
</record>
</collection>